Eastern Utah Libraries Catalog: Duchesne, Heber, Roosevelt, & Vernal

Falling for Vermont / (Record no. 409912)

MARC details
000 -LEADER
fixed length control field 03753cgm a2200817 i 4500
001 - CONTROL NUMBER
control field on1288021533
003 - CONTROL NUMBER IDENTIFIER
control field OCoLC
005 - DATE AND TIME OF LATEST TRANSACTION
control field 20250716114443.0
007 - PHYSICAL DESCRIPTION FIXED FIELD--GENERAL INFORMATION
fixed length control field vd cvaizq
008 - FIXED-LENGTH DATA ELEMENTS--GENERAL INFORMATION
fixed length control field 211209t20212017xxu084 g vleng d
040 ## - CATALOGING SOURCE
Original cataloging agency TEFMT
Language of cataloging eng
Description conventions rda
Transcribing agency TEFMT
Modifying agency TEF
-- OCLCQ
-- OCLCF
-- OCLCO
-- GK5
-- OCL
-- OCLCO
-- OCLCL
024 1# - OTHER STANDARD IDENTIFIER
Standard number or code 767685166543
035 ## - SYSTEM CONTROL NUMBER
System control number (OCoLC)1288021533
037 ## - SOURCE OF ACQUISITION
Source of stock number/acquisition Midwest Tape
Note http://www.midwesttapes.com
041 1# - LANGUAGE CODE
Language code of text/sound track or separate title eng
-- eng
Language code of original and/or intermediate translations of text eng
050 #4 - LIBRARY OF CONGRESS CALL NUMBER
Classification number PN1997.2
Item number .F35 2021
082 04 - DEWEY DECIMAL CLASSIFICATION NUMBER
Classification number 791.43/72
Edition number 23
049 ## - LOCAL HOLDINGS (OCLC)
Holding library WACL
245 00 - TITLE STATEMENT
Title Falling for Vermont /
Statement of responsibility, etc directed by David Winning ; written by Jay Baxter, Shaun Zaken ; producer, Christian Bryere.
264 #1 - Production, Publication, Distribution, Manufacture, and Copyright Notice.
Place of production, publication, distribution, manufacture [United States] :
Name of producer, publisher, distributor, manufacturer Hallmark,
Date of production, publication, distribution, manufacture, or copyr [2021]
264 #4 - Production, Publication, Distribution, Manufacture, and Copyright Notice.
Date of production, publication, distribution, manufacture, or copyr �2017
300 ## - PHYSICAL DESCRIPTION
Extent 1 videodisc (84 min.) :
Other physical details sound, color ;
Dimensions 4 3/4 in.
336 ## - Content Type
Content type term two-dimensional moving image
337 ## - Media type
Media type term video
338 ## - Carrier type
Carrier type term videodisc
344 ## -
-- digital
-- rdatr
344 ## -
-- optical
-- rdarm
347 ## -
-- video file
347 ## -
-- DVD video
380 ## -
-- Motion pictures
-- lcgft
538 ## - SYSTEM DETAILS NOTE
System details note DVD, wide screen (1.78:1) ; Dolby Digital 51. ; region 1.
546 ## - LANGUAGE NOTE
Language note Subtitled for the deaf and hard of hearing (SDH).
500 ## - GENERAL NOTE
General note Title from container.
511 1# - PARTICIPANT OR PERFORMER NOTE
Participant or performer note Julie Gonzalo, Benjamin Ayres, Barbara Kottmeier, Peter Benson, Christian Michael Cooper, Lauren McNamara.
508 ## - CREATION/PRODUCTION CREDITS NOTE
Creation/production credits note Music, Michael Richard Plowman ; editor, Allison Grace ; director of photography, Anthony C. Metchie.
500 ## - GENERAL NOTE
General note Originally released as a motion picture in 2017.
500 ## - GENERAL NOTE
General note Wide screen (1.78:1)
521 8# - TARGET AUDIENCE NOTE
Target audience note Rating: Not rated.
520 ## - SUMMARY, ETC.
Summary, etc A best-selling author who loses her memory because of a car accident finds refuge with the local doctor of a small town in Vermont. Later, she must decide if the life she's been living is the life she wants.
650 #0 - SUBJECT ADDED ENTRY--TOPICAL TERM
Topical term or geographic name as entry element Man-woman relationships
Form subdivision Drama.
9 (RLIN) 5673977
650 #0 - SUBJECT ADDED ENTRY--TOPICAL TERM
Topical term or geographic name as entry element Love
Form subdivision Drama.
9 (RLIN) 5705469
651 #0 - SUBJECT ADDED ENTRY--GEOGRAPHIC NAME
Geographic name Vermont
Form subdivision Drama.
9 (RLIN) 6362049
650 #7 - SUBJECT ADDED ENTRY--TOPICAL TERM
Topical term or geographic name as entry element Love
Source of heading or term fast
650 #7 - SUBJECT ADDED ENTRY--TOPICAL TERM
Topical term or geographic name as entry element Man-woman relationships
Source of heading or term fast
651 #7 - SUBJECT ADDED ENTRY--GEOGRAPHIC NAME
Geographic name Vermont
Source of heading or term fast
655 #7 - INDEX TERM--GENRE/FORM
Genre/form data or focus term Comedy films
Source of term fast
655 #7 - INDEX TERM--GENRE/FORM
Genre/form data or focus term Drama
Source of term fast
655 #7 - INDEX TERM--GENRE/FORM
Genre/form data or focus term Feature films
Source of term fast
655 #7 - INDEX TERM--GENRE/FORM
Genre/form data or focus term Fiction films
Source of term fast
655 #7 - INDEX TERM--GENRE/FORM
Genre/form data or focus term Video recordings for the hearing impaired
Source of term fast
655 #7 - INDEX TERM--GENRE/FORM
Genre/form data or focus term Comedy films.
Source of term lcgft
655 #7 - INDEX TERM--GENRE/FORM
Genre/form data or focus term Feature films.
Source of term lcgft
655 #7 - INDEX TERM--GENRE/FORM
Genre/form data or focus term Video recordings for the hearing impaired.
Source of term lcgft
655 #7 - INDEX TERM--GENRE/FORM
Genre/form data or focus term Fiction films.
Source of term lcgft
655 #7 - INDEX TERM--GENRE/FORM
Genre/form data or focus term Films comiques.
Source of term rvmgf
9 (RLIN) 6444564
655 #7 - INDEX TERM--GENRE/FORM
Genre/form data or focus term Vid�eos pour personnes handicap�ees auditives.
Source of term rvmgf
9 (RLIN) 6443756
655 #7 - INDEX TERM--GENRE/FORM
Genre/form data or focus term Films de fiction.
Source of term rvmgf
9 (RLIN) 5762020
700 1# - ADDED ENTRY--PERSONAL NAME
Personal name Baxter, Jay,
Relator term screenwriter.
9 (RLIN) 6548772
700 1# - ADDED ENTRY--PERSONAL NAME
Personal name Zaken, Shaun,
Relator term screenwriter.
9 (RLIN) 6548773
700 1# - ADDED ENTRY--PERSONAL NAME
Personal name Bruy�ere, Christian
Titles and other words associated with a name (Producer),
Relator term film producer.
-- https://id.oclc.org/worldcat/entity/E39PCjwRQc3cwTKv89jP8kr7wP
9 (RLIN) 6548774
700 1# - ADDED ENTRY--PERSONAL NAME
Personal name Winning, David,
Dates associated with a name 1961-
Relator term film director.
-- https://id.oclc.org/worldcat/entity/E39PBJqqwYWd4q84DH73YKkFKd
9 (RLIN) 5800628
700 1# - ADDED ENTRY--PERSONAL NAME
Personal name Gonzalo, Julie,
Dates associated with a name 1981-
Relator term actor.
-- https://id.oclc.org/worldcat/entity/E39PBJfh9C84dbT3dbQQjYxMT3
9 (RLIN) 5794889
700 1# - ADDED ENTRY--PERSONAL NAME
Personal name Ayres, Benjamin,
Relator term actor.
9 (RLIN) 6458967
700 1# - ADDED ENTRY--PERSONAL NAME
Personal name McNamara, Lauren,
Relator term actor.
9 (RLIN) 5969532
700 1# - ADDED ENTRY--PERSONAL NAME
Personal name Kottmeier, Barbara,
Relator term actor.
9 (RLIN) 6548775
700 1# - ADDED ENTRY--PERSONAL NAME
Personal name Benson, Peter
Titles and other words associated with a name (Actor),
Relator term actor.
-- https://id.oclc.org/worldcat/entity/E39PCjtv88YpftFDFMYgPjtbBd
9 (RLIN) 6548776
700 1# - ADDED ENTRY--PERSONAL NAME
Personal name Cooper, Christian Michael,
Relator term actor.
9 (RLIN) 6548777
710 2# - ADDED ENTRY--CORPORATE NAME
Corporate name or jurisdiction name as entry element Hallmark,
Relator term publisher.
9 (RLIN) 5898091
758 ## -
-- has work:
-- Falling for Vermont (MovingImage)
-- https://id.oclc.org/worldcat/entity/E39PCFDcW7qRmWkbCYvjQMYpj3
-- https://id.oclc.org/worldcat/ontology/hasWork
994 ## -
-- C0
-- WACOL
Holdings
Withdrawn status Lost status Source of classification or shelving scheme Damaged status Not for loan Collection code Home library Current library Shelving location Date acquired Source of acquisition Total Checkouts Total Renewals Full call number Barcode Date last seen Date checked out Cost, replacement price Price effective from Koha item type
    Dewey Decimal Classification     Movies Wasatch County Library Wasatch County Library Audio Visual Area 07/16/2025 Amazon 7 7 Movie Falling for Vermont 34301002161190 11/13/2025 10/25/2025 14.98 07/16/2025 DVD
This project was made possible through a grant from the Institute of Museum and Library Service administered by the Utah State Library Division.

Wasatch County Library

  • 465 East 1200 South, Heber City, Utah 84032
  • Phone 435-654-1511 | Fax 435-654-6456

Hours

  • Monday - Friday 9:30 AM - 8:00 PM
  • Saturday 9:30 AM - 1:30 PM
  • Closed Sundays and Holidays